| 000 | 00762cab a2200265 4500 | ||
|---|---|---|---|
| 001 | ABS58768 | ||
| 008 | 090401t1998 xxu||||| |||| 00| 0 eng d | ||
| 035 | _a(Sirsi) u86549 | ||
| 041 | _aeng | ||
| 100 | _aJohnstone, B. | ||
| 245 | _aNew towns, new life | ||
| 260 | _c1998 | ||
| 350 | _a0 | ||
| 490 |
_aPlanning (for the Natural and Built Environment) _v(1268) 15 May 1998, 12-13(2) |
||
| 520 | _aGauges the likelihood of a new wave of new town developments, according to political opinion. | ||
| 650 | _aGROWTH | ||
| 650 | _aHOUSING NEED | ||
| 650 | _aNEW SETTLEMENTS | ||
| 650 | _aNEW TOWNS | ||
| 650 | _aPLANNING POLICY | ||
| 650 | _aREGIONAL PLANNING GUIDANCE | ||
| 690 | _aPLANNING LAW AND PRACTICE | ||
| 942 | _n0 | ||
| 948 | _c02/06/1998 | ||
| 999 |
_c54482 _d54482 |
||